000 00515nam a2200181Ia 4500
001 7809
005 20260306160522.0
008 260306t2006||||xx |||||||||||||| ||spa||
041 _aESP
082 _a362.2906
_bC28
100 _aCaravedo, Leopoldo
_eAUT
245 0 _aGuía para el diseño e implementación de programas de prevención y tratamiento en drogodependencias para adolescentes
260 _c2006
300 _a85 páginas :
_c21 cm.
650 _aGEN
654 _aCPS
942 _cLIB
_dJUS
_fJUS
_2ddc
_n
999 _c7809
_d7809